Catálogo
 En Linea

Mestre Joao Grande : (Registro nro. 35094)

Detalles MARC
000 -CABECERA
campo de control de longitud fija 00878nam a2200205 a 4500
001 - NÚMERO DE CONTROL
campo de control 000035603
005 - FECHA Y HORA DE LA ÚLTIMA TRANSACCIÓN
campo de control 20200930074451.0
008 - DATOS DE LONGITUD FIJA--INFORMACIÓN GENERAL
campo de control de longitud fija 111105s2010 bl a 000 0 spa d
020 ## - NÚMERO INTERNACIONAL ESTÁNDAR DEL LIBRO
Número Internacional Estándar del Libro 9788576172017
040 ## - FUENTE DE LA CATALOGACIÓN
Centro catalogador/agencia de origen DO-SdBNP
Lengua de catalogación spa
Centro/agencia transcriptor BNPHU
082 ## - NÚMERO DE LA CLASIFICACIÓN DECIMAL DEWEY
Número de clasificación xxxx
Número de documento/Ítem C355m
100 1# - ENTRADA PRINCIPAL--NOMBRE DE PERSONA
Nombre de persona Castro, Maurício Barros de,
9 (RLIN) 61508
245 10 - MENCIÓN DE TÍTULO
Título Mestre Joao Grande :
Resto del título na roda do mundo /
Mención de responsabilidad, etc. Maurício Barros de Castro.
260 ## - PUBLICACIÓN, DISTRIBUCIÓN, ETC.
Lugar de publicación, distribución, etc. Rio de Janeiro, Brasil :
Nombre del editor, distribuidor, etc. Ministério da Cultura, Fundação Biblioteca Nacional :
-- Garamond,
Fecha de publicación, distribución, etc. 2010.
300 ## - DESCRIPCIÓN FÍSICA
Extensión 151 p. :
Otras características físicas il. ;
Dimensiones 21 cm.
490 1# - MENCIÓN DE SERIE
Mención de serie Personalidades negras
504 ## - NOTA DE BIBLIOGRAFÍA, ETC.
Nota de bibliografía, etc. Incluye referencias bibliográficas y notas a pie de página.
500 ## - NOTA GENERAL
Nota general Originalmente presentado como trabajo de tesis para optar por el grado de Doctor en Letras, Filosofía y Ciencias Humanas da Universidad de São Paulo.
830 #0 - PUNTO DE ACCESO ADICIONAL DE SERIE-TÍTULO UNIFORME
Título uniforme Personalidades negras
9 (RLIN) 59292
Existencias
Estado de retiro Estado de pérdida Restricciones de uso No para préstamo Código de colección Localización permanente Ubicación/localización actual Ubicación en estantería Fecha de adquisición Número de inventario Total de préstamos Signatura topográfica completa Código de barras Fecha visto por última vez Precio válido a partir de Tipo de ítem Koha
      Excluido de préstamo Monografías: Libros y Folletos General General En catalogación 05.11.2011 LF1   xxxx C355m 35603-10 25.06.2020 25.06.2020 No se presta

Con tecnología Koha